Ranczo - Statystyki

Ogólne statystyki
  • Ten quiz został rozwiązany 506 razy
  • Średni wynik to 21 z 31
Statystyki odpowiedzi
Hint Odpowiedź % Poprawnych
Mąż głównej bohaterki Kusy
98%
Główna bohaterka Lucy Wilska
92%
Gospodyni na plebanii Michałowa
92%
Wójt Paweł Kozioł
92%
Ksiądz proboszcz - później biskup Piotr Kozioł
92%
Ich córka Dorotka
89%
jego żona Halina Kozioł
86%
jego córka Klaudia Kozioł
86%
Jej córka Kinga
84%
Agentka Monika
84%
Przyjaciel z ambasady Jerry
83%
nowy urzędnik Fabian Duda
77%
Nowszy wikary ksiądz Maciej
76%
Starszy wikary ksiądz Robert
76%
z ławeczki Patryk Pietrek
75%
współpracownik wójta Arkadiusz Czerepach
74%
z ławeczki Maciej Solejuk
70%
ma restaurację Wioletka
69%
księgowa Lodzia Paciorek/Czerepach
68%
z ławeczki (nie żyje) Japycz
63%
Siostra byłej żony Grażyna
62%
pracownica sklepu Jola
62%
ma sklep Krystyna Więcławska
62%
z ławeczki Tadeusz Hadziuk
57%
od kóz Celina Hadziuk
52%
jej mąż Andrzej Więcławski
45%
z ławeczki Stachu Japycz
42%
od pierogów Kazia Solejuk
39%
nauczyciel Tomasz Witebski
39%
mieszka w lesie Babka zielarka
35%
policjant Staszek
21%
Nie znaleziono quizów pasujących do podanych kryteriów
Rozkład punktacji
Procent ludzi z każdym wynikiem
Percentyl według liczby udzielonych odpowiedzi
Twoja historia wyników
Nie rozwiązałeś tego quizu